000 01468nam0a2200385 4500
001 RU\NLR\BIBL_A\010775369
005 20260408164003.0
010 _a978-5-9571-1054-5
_9150
021 _aRU
_b2015-31864
_91891
035 _a(NLR Aleph) 010775369
035 _a(NILC)RuMoRGB-007921728
090 _a10040625
_c10040625
100 _a20150604d2015 k y0rusy50 ca
101 0 _arus
_ager
102 _aRU
105 _ay|||z||||01yy
200 1 _aТождество и структура языка
_eмонография
_fИ. П. Солодовник
210 _aБелгород
_cБелгород
_d2015
215 _a169, [1] с.
_d21
300 _aНа 4-й с. обл. авт.: Солодовник И. П., д. филол. н., проф.
300 _aЧасть текста на нем. яз.
320 _aБиблиогр.: с. 164-170
320 _aДр. произведения авт. на 4-й с. обл.
606 1 _aКатегория тождества
_9896555
_3RU\NLR\AUTH\66325242
606 _aТождество и различие (филос.)
_3RU\NLR\AUTH\66441481
_91116042
686 1 _aШ102
686 1 _aЮ212.77
700 1 _aСолодовник
_bИ. П.
_f1936-
_gИван Порфирьевич
801 0 _aRU
_bРГБ
_c20150428
_gRCR
801 1 _aRU
_bРГБ
_c20150428
_2rusmarc
942 _cBOOK
980 _aNBR
980 _aNB